Amateur Football Teams of Limburg - Statistics

General Stats
  • This quiz has been taken 3 times
  • The average score is 16 of 222
Answer Stats
Club % Correct
BMR
67%
Centrum Boys
33%
DBSV
33%
EHC
33%
FC Gulpen
33%
FC Hoensbroek
33%
FC Kerkrade-West
33%
Geulsche Boys
33%
Heksenberg-NEC
33%
Kakertse Boys
33%
Laura Hopel Combinatie
33%
Passart-VKC
33%
RKHBS
33%
RKHSV
33%
RKIVV
33%
RKMVC
33%
RKSVB
33%
RKSV Bekkerveld
33%
RKSV Groene Ster
33%
RKSV Olympia Schinveld
33%
RKVV Haanrade
33%
RKVVM
33%
RKVV Rimburg
33%
RKVV Sportclub '25
33%
RKVV Vijlen
33%
RKVV Voerendaal
33%
RKVV WDZ
33%
RKVV Weltania
33%
SC Jekerdal
33%
SP Slenaken '63
33%
Struchter Boys
33%
SV Abdissenbosch
33%
SV Eikenderveld
33%
SV Epen
33%
SV Hulsberg
33%
SVME
33%
SV Simpelveld
33%
SV Zwart-Wit '19
33%
VV Eijsden
33%
VV Keer
33%
VV Maastricht West
33%
VV Scharn
33%
VV Schimmert
33%
VV Spaubeek
33%
VV SVM
33%
VV Walram
33%
VV Wijlre
33%
ADVEO
0%
Astrantia SV
0%
AVV America
0%
Belfeldia
0%
BEVO
0%
Brevendia
0%
BSV Limburgia
0%
BVV '27
0%
Conventus '03
0%
DESM
0%
DEV-Arcen
0%
DFO '20
0%
Eendracht '30
0%
EMS
0%
EWC '46
0%
FC Bemelen
0%
FC Geleen Zuid
0%
FC Landgraaf
0%
FC Maasgouw
0%
FC ODA
0%
FC RIA
0%
FC Roerdalen
0%
FCV
0%
Geertruidse Boys
0%
Geusselt Sport
0%
GFC '33
0%
GSV '28
0%
GVCG
0%
HBC '09
0%
HRC '27
0%
IBC '03
0%
IVO Velden
0%
KSV Horn
0%
KVC Oranje
0%
Kwiek Venlo
0%
MBC '13
0%
MMC Weert
0%
MVC '19
0%
PSV '35
0%
RESIA '42
0%
RFC Roermond
0%
RIOS '31
0%
RKASV
0%
RKAVC
0%
RKBFC
0%
RKDSO
0%
RKFC Lindenheuvel
0%
RKMSV
0%
RKSV De Ster
0%
RKSV Heer
0%
RKSV Leonidas-W
0%
RKSV Merefeldia
0%
RKSV Meterik
0%
RKSV Minor
0%
RKSVN
0%
RKSVO
0%
RKSVV
0%
RKSV Wittenhorst
0%
RKTSV
0%
RKTVV Crescentia
0%
RKUVC
0%
RKVB
0%
RKVCL
0%
RKVV Eindse Boys
0%
RKVV EVV
0%
RKVV Haelen
0%
RKVV Havantia
0%
RKVV Montagnards
0%
RKVV Neerbeek
0%
RKVV Oranje Boys
0%
RKVV Urmondia
0%
RKVV Vaesrade
0%
RKVV Walburgia
0%
RKVV Wijnandia
0%
RKVV Willem I
0%
Rood Groen LVC '01
0%
SCG
0%
SC Irene
0%
SC Leeuwen
0%
SC Susteren
0%
SHH
0%
Sint Joost
0%
Slekker Boys
0%
Sparta '18
0%
Sporting Heerlen
0%
Sporting Sittard '13
0%
Sporting ST
0%
Stormvogels '28
0%
Susterse Boys
0%
SVA Bleijerheide
0%
SV Altweerterheide
0%
SV Argo
0%
SV Blerick
0%
SV Brunssum
0%
SVC 2000
0%
SVEB
0%
SVE Einighausen
0%
SV Egchel
0%
SV Grashoek
0%
SVH'39
0%
SV Haslou
0%
SV Heythuysen
0%
SV Kronenberg
0%
SV Laar
0%
SV Langeberg
0%
SV Leunen
0%
SV Leveroy
0%
SV Lottum
0%
SV Meerssen
0%
SV Melderslo
0%
SV Merselo
0%
SV Milsbeek
0%
SV Nyswiller
0%
SVOC '01
0%
SV Oostrum
0%
SV Panningen
0%
SV Roggel
0%
SV Schinnen
0%
SV Sibbe
0%
SV United
0%
SV Venray
0%
SVVH
0%
SV Vilt
0%
SV Ysselsteyn
0%
TSC '04
0%
UOW02
0%
VCH
0%
Venlosche Boys
0%
Vitesse '08
0%
VV Achates
0%
VV Amstenrade
0%
VV Baarlo
0%
VV Berg '28
0%
VV Bieslo
0%
VV Boekoel
0%
VV Born
0%
VV Bunde
0%
VV Caesar
0%
VV Chevremont
0%
VV Daalhof
0%
VV De Heeg
0%
VV De Leeuw
0%
VV DVO
0%
VV HEBES
0%
VV Hegelsom
0%
VV Heidebloem
0%
VV Heijen
0%
VV Helden
0%
VV Hellas
0%
VV IASON
0%
VV IVS
0%
VV Jabeek
0%
VV Kessel
0%
VV Koningslust
0%
VV Limbricht
0%
VV Linne
0%
VV Noorbeek
0%
VV OVCS
0%
VV Partij
0%
VV Puth
0%
VV Reuver
0%
VV Roosteren
0%
VV RVU
0%
VV Sanderbout
0%
VV Schaesberg
0%
VV Sittard
0%
VV SNA
0%
VV Stevensweert
0%
VV Swalmen
0%
VVV'03
0%
VV Veritas
0%
VV Vlodrop
0%
VV VOS
0%
Wilhelmina '08
0%
Woander Forest
0%
No matching quizzes found
Score Distribution
Percent of People with Each Score
Percentile by Number Answered
Your Score History
You have not taken this quiz